Quizzes
Events
Quiz Creation
Community
Videos
Private Events
Remove Ads
Sign In
Join for FREE
Feedback
Dark Mode
Quiz Categories
Sports
Geography
Music
Movies
Television
Just For Fun
Miscellaneous
History
Literature
Language
Science
Gaming
Entertainment
Religion
Holiday
For Kids
Quiz Lab
Recent
Popular Today
Quiz Kudos Today
Editor Picks
Curator Picks
Quizzes by...
Day
Popularity
Type
Ratings
Length
Year
Community
Subscriptions
Recent Discussions
Orange Saloon
Badges
Playlists
Quests
Create
Leaderboards
Showdown
Live 5
Trivia Bingo
Activity
Puzzle Library
Sporcle Events
Private Events
Virtual Trivia
Globe League
Become a Host
Pub Owners
SporcleCon
Opinionation
Our Games
Videos
Blog
Mobile Apps
Partnerships
Remove Ads and Go Orange
Feedback
Television
TV Characters
TV Show
Sitcom
Network
Friends
Reality Shows
Cast
South Park
Star Trek
The Simpsons
Doctor Who
Television
TV Characters
TV Show
Sitcom
Network
Friends
Reality Shows
Cast
South Park
Star Trek
The Simpsons
Doctor Who
Random Quiz
Search Sporcle
×
Quiz Lab
Quiz Lab
Television
Corner
Type in answers that appear in a list
Type in answers that appear in a list
Classic
Best Score? Go Orange.
Corner Gas Quiz Stats
Can you name the Corner Gas Quiz?
By
Kingquish
5m
18 Questions
125 Plays
125 Plays
125 Plays
Comments
Comments
Give Quiz Kudos
Give Quiz Kudos
-
- Ratings
hide this ad
Replay
Link that replays current quiz
Next Quiz
Link to next quiz in quiz playlist
You Got
0%
They Got
Avg Score
35%
Avg Friend Score
Upgrade to see
Score Distribution
Jump to the score distribution portion of the page
Score
0/18
Timer
05:00
0
Plays Today
% Correct
Ruby
99.2%
Blue
83.2%
His hat
79.2%
Ruby Club
68%
Knuckles
64.8%
Josh
48.8%
Ruby Reborn
40%
Thief
35.2%
Jewelry
24%
% Correct
Connie
19.2%
Hairloss
17.6%
Drawing Cartoons
14.4%
She can't draw
13.6%
Full Load
12%
She stops washing towels
8%
See the future
6.4%
They make Lacey do it.
5.6%
Table Hocky
2.4%
Quiz Playlist
Details
Report
Send in Message
Add To Playlist
Classic:
Type in answers that appear in a list
Last Updated: Feb 16, 2017
Quiz Scoreboard
CHALLENGE
Sign Up to Join the Scoreboard
Show All
Scores
Hide
Comments
May contain spoilers
Recently Published
TV Characters by Other Roles V
by ghcgh
Television
5m
Decade Duel: World Leaders
by jenniferyan
History
4m
Alphabetical 'K' Countries by Flag Minefield
by ylime102
Geography
3m
More to Explore
Quiz From the Vault
Featured Blog Post
15 Basketball Trivia Facts You Can Be March Mad About
hide this ad
You Might Also Like...
Tags
Corner
gas
Today's Top Quizzes in Television
Browse Television
hide this ad
Today's Top Quizzes in Corner
Browse Corner
Top Contributed Quizzes in Television
1
Hidden Simpsons Character
2
First Name TV: Leading Men
3
Hidden Simpsons Character XXIV
4
First Name TV: Leading Women Drama
5
One Piece Logic Puzzle
6
Hidden Simpsons Character II
7
Hidden Simpsons Character XXV
8
Hidden Simpsons Character XXVI
9
Hidden Simpsons Character III
10
Pick A Pair: Religious TV
Explore More
Trending Topics
Anime
Marvel
Crossword
Kpop
Harry Potter
Disney
NBA
Pokémon
Country
NFL
Song
WWE
Puzzle
The Office
Soccer
hide this ad
More By:
Kingquish
Quiz
Plays
Rating
Category
Featured
Created
Minecraft Quiz
1,749
1.54
Gaming
Dec 31, 2011
Name the Minecraft Blocks In Under A Minute
758
1.56
Gaming
Dec 31, 2011
Michael Jackson Lyrics
288
3.00
Music
Dec 31, 2011
Corner Gas Quiz
125
1.00
Television
Dec 31, 2011
TobyMac Tonight Songs
125
1.50
Music
Dec 31, 2011
Go to Creator's Profile
Score Distribution
Quiz Creator Spotlight
Kingquish
Follow
Send a Message
Quizzes Created
-
Created Quiz Play Count
-
More By This Creator
Popular Quizzes Today
1
Countries of Asia Without Outlines Minefield
2
Find the US States - No Outlines Minefield
3
Pick 6: Fruits
4
The Countries of the World
5
Alphabetical 'K' Countries by Flag Minefield
6
Find the Countries of Europe - No Outlines Minefield
7
US States
8
Find the US States
More Television Quizzes
Sing to Create the Teen Titans
Curator's Pick
Trending Quizzes
Pick 6: Mountains
Pick 6: Harry Potter
Pick 6: Flags
Pick 6: NFL Teams
Pick 6: Movie Franchises
Recently Updated
Adaptations: Name the Title
pecheneg
NWSL Teams
pecheneg
Women's Final Four Teams by Year
bhenderson79
Presidents Quartet II
eogle
Anything But Clue(do)
eogle
Anything But Oceanian Capitals
eogle
Anything But 7
eogle
Anything But Thing
eogle
Word Ladder: February 29
pecheneg
Song Title Questions
pecheneg
Trending Topics
Kpop
Marvel
Disney
Harry Potter
Anime
Crossword
NBA
WWE
Pokémon
Song
Puzzle
Soccer
Country
The Office
NFL
Your Account Isn't Verified!
In order to create a playlist on Sporcle, you need to verify the email address you used during registration. Go to your
Sporcle Settings
to finish the process.
Report this User
Report this user for behavior that violates our
Community Guidelines
.
Details:
Send Report
Go to the Sporcle.com Mobile Site →
Comments